Visualizzazione normale
Vista MARC
- Sevilla (España)
di Geographic Name
Records bibliografici associati: 1
001 - CONTROL NUMBER
- control field: 22970
003 - CONTROL NUMBER IDENTIFIER
- control field: IT-RoINE
005 - DATE AND TIME OF LATEST TRANSACTION
- control field: 20160322101824.0
008 - FIXED-LENGTH DATA ELEMENTS
- fixed length control field: 160322|| aca||aabn | a|a d
040 ## - CATALOGING SOURCE
- Original cataloging agency: IT-RoINE
- Transcribing agency: IT-RoINE
151 ## - HEADING--GEOGRAPHIC NAME
- Geographic name: Sevilla (España)
- General subdivision: Condiciones sociales
- Chronological subdivision: Siglo 16o.
670 ## - SOURCE DATA FOUND
- Source citation: Work cat.: (IT-RoINE)0: López Muñoz, Tomás 22968, La Reforma en la Sevilla del XVI /, 2011.